Les 6 dieux olympiens en 30 secondes - Statistiques

Statistiques générales
  • Ce quiz a été pris 92 fois
  • Le résultat moyen est 4 sur 6
Statistiques - réponses
Réponse % Correct
Zeus
100%
Poséidon
88%
Hadès
80%
Héra
77%
Déméter
43%
Hestia
37%
Aucun quiz correspondant
Distribution des résultats
% des personnes avec chaque résultat
Percentile par nombre de réponses
Votre historique - résultats
Vous n’avez pas pris ce quiz